000 01821nam0a2200385 4500
001 RU\NLR\BIBL_A\022640702
005 20260121135552.0
010 _a978-5-04-190110-3
_94000
021 _aRU
_bКН-П-25-050887
_9КН-П-25-4924
035 _a(NLR Aleph) 022640702
090 _a13535532
_c13535532
100 _a20251009d2025 m y0rusy50 ca
101 1 _arus
_cspa
102 _aRU
105 _aac z 000yy
181 0 _ai
_baxxe
182 0 _an
200 1 _aБольные фантазии убийц
_eодно из самых подробных исследований психологии маньяков и их извращений
_fВисенте Гарридо профессор криминологии
_g[перевод с испанского Н. Бахтияровой]
203 _aТекст
_bвизуальный
_cнепосредственный
210 _aМосква
_cЭксмо, Бомбора
_d2025
215 _a411, [1] с.
_cил., табл., портр.
_d22
225 1 _aТемные архивы
_iКниги о жутких экспериментах и практиках над людьми
300 _aВ аннот. авт.: Гарридо В., д-р психологии
320 _aБиблиогр.: с. 407–412
320 _aДругая кн. авт. в конце текста
333 _a18+
606 1 _aУбийцы
_xПсихологические исследования
_2nlr_sh2
_3RU\NLR\AUTH\6601728884
606 1 _aПреступники
_xИзучение личности
_2nlr_sh1
_2nlr_sh2
_3RU\NLR\AUTH\66930276
686 1 _aХ883.3
686 1 _aЮ947.1-72
700 1 _aГарридо
_bВ.
_gВисенте
942 _cBOOK
980 _aNB